<?xml version="1.0" encoding="UTF-8"?>
<record
    xmlns:xsi="http://www.w3.org/2001/XMLSchema-instance"
    xsi:schemaLocation="http://www.loc.gov/MARC21/slim http://www.loc.gov/standards/marcxml/schema/MARC21slim.xsd"
    xmlns="http://www.loc.gov/MARC21/slim">

  <leader>02064nam a2200445 a 4500</leader>
  <controlfield tag="001"> </controlfield>
  <controlfield tag="003">OSt</controlfield>
  <controlfield tag="005">20240221075649.0</controlfield>
  <controlfield tag="008">110408s2010    dr      r     000 j spa d</controlfield>
  <datafield tag="020" ind1=" " ind2=" ">
    <subfield code="a">9993486124</subfield>
  </datafield>
  <datafield tag="040" ind1=" " ind2=" ">
    <subfield code="a">DO-SdBNP</subfield>
    <subfield code="b">spa</subfield>
    <subfield code="c">BPMSU</subfield>
  </datafield>
  <datafield tag="082" ind1=" " ind2=" ">
    <subfield code="a">RD863.44</subfield>
    <subfield code="b">C571p 2010</subfield>
    <subfield code="2">22</subfield>
  </datafield>
  <datafield tag="245" ind1="0" ind2="1">
    <subfield code="a">La ciguapa, el p&#xED;caro y la dama :</subfield>
    <subfield code="b">relatos y leyendas dominicanos /</subfield>
    <subfield code="c">Javier Angulo Guridi ... [et al.] ; selecci&#xF3;n de Andr&#xE9;s Blancos D&#xED;az.</subfield>
  </datafield>
  <datafield tag="246" ind1="1" ind2="3">
    <subfield code="a">El p&#xED;caro y la dama</subfield>
  </datafield>
  <datafield tag="260" ind1=" " ind2=" ">
    <subfield code="a">Santo Domingo :</subfield>
    <subfield code="b">Alfaguara,</subfield>
    <subfield code="c">2010.</subfield>
  </datafield>
  <datafield tag="300" ind1=" " ind2=" ">
    <subfield code="a">148 p. ;</subfield>
    <subfield code="c">22 cm.</subfield>
  </datafield>
  <datafield tag="490" ind1="0" ind2=" ">
    <subfield code="a">Alfaguara</subfield>
  </datafield>
  <datafield tag="490" ind1="1" ind2=" ">
    <subfield code="a">Roja</subfield>
  </datafield>
  <datafield tag="505" ind1="0" ind2=" ">
    <subfield code="t">La ciguapa /</subfield>
    <subfield code="r">Javier Angulo Guridi --</subfield>
    <subfield code="t">La boca del indio /</subfield>
    <subfield code="r">Alejandro Llenas --</subfield>
    <subfield code="t">Humorada tr&#xE1;gica /</subfield>
    <subfield code="r">Federico Henr&#xED;quez y Carvajal --</subfield>
    <subfield code="t">Pepa, Pepe y Jos&#xE9; /</subfield>
    <subfield code="r">Amelia Francasci --</subfield>
    <subfield code="t">La novia de su ilustr&#xED;sima /</subfield>
    <subfield code="r">Tem&#xED;stocles A. Ravelo --</subfield>
    <subfield code="t">Los diamantes negros /</subfield>
    <subfield code="r">Jos&#xE9; Ram&#xF3;n L&#xF3;pez --</subfield>
    <subfield code="t">El aguador /</subfield>
    <subfield code="r">Jos&#xE9; Ram&#xF3;n L&#xF3;pez --</subfield>
    <subfield code="t">Ernesto de Anqui6ses /</subfield>
    <subfield code="r">Fabio Fiallo --</subfield>
    <subfield code="t">C&#xE1;ndido Espuela /</subfield>
    <subfield code="r">Vigil D&#xED;az --</subfield>
    <subfield code="t">Mingo /</subfield>
    <subfield code="r">Tom&#xE1;s Hern&#xE1;ndez Franco --</subfield>
    <subfield code="t">Zumbador /</subfield>
    <subfield code="r">J. M. Sanz Lajara --</subfield>
  </datafield>
  <datafield tag="590" ind1=" " ind2=" ">
    <subfield code="a">Inventariado, 2022/VM</subfield>
  </datafield>
  <datafield tag="650" ind1=" " ind2="4">
    <subfield code="a">Cuentos dominicanos</subfield>
    <subfield code="v">Colecciones</subfield>
  </datafield>
  <datafield tag="650" ind1=" " ind2="4">
    <subfield code="a">Literatura dominicana.</subfield>
  </datafield>
  <datafield tag="650" ind1=" " ind2="4">
    <subfield code="a">Leyendas dominicanas</subfield>
  </datafield>
  <datafield tag="650" ind1=" " ind2="4">
    <subfield code="a">Autores dominicanos </subfield>
    <subfield code="v">Biograf&#xEC;as </subfield>
  </datafield>
  <datafield tag="700" ind1="1" ind2=" ">
    <subfield code="a">Blanco D&#xED;az, Andr&#xE9;s</subfield>
    <subfield code="e">pr&#xF3;l.</subfield>
  </datafield>
  <datafield tag="700" ind1="1" ind2=" ">
    <subfield code="a">Angulo Guridi, Javier</subfield>
    <subfield code="t">La ciguapa</subfield>
  </datafield>
  <datafield tag="700" ind1="1" ind2=" ">
    <subfield code="a">Llenas, Alejandro,</subfield>
    <subfield code="d">1844-1902</subfield>
  </datafield>
  <datafield tag="700" ind1="1" ind2=" ">
    <subfield code="a">Henr&#xED;quez i Carvajal, Federico,</subfield>
    <subfield code="d">1848-1952</subfield>
  </datafield>
  <datafield tag="700" ind1="1" ind2=" ">
    <subfield code="a">Francasci, Amelia</subfield>
    <subfield code="t">Pepa, Pepe y Jos&#xE9;</subfield>
  </datafield>
  <datafield tag="700" ind1="1" ind2=" ">
    <subfield code="a">Ravelo, Tem&#xED;stocles A.</subfield>
    <subfield code="t">La novia de su ilustr&#xED;sima</subfield>
  </datafield>
  <datafield tag="700" ind1="1" ind2=" ">
    <subfield code="a">Penson, C&#xE9;sar Nicol&#xE1;s</subfield>
    <subfield code="t">Los diamantes negros</subfield>
  </datafield>
  <datafield tag="700" ind1="1" ind2=" ">
    <subfield code="a">L&#xF3;pez, Jos&#xE9; Ram&#xF3;n</subfield>
    <subfield code="t">El aguador</subfield>
  </datafield>
  <datafield tag="700" ind1="1" ind2=" ">
    <subfield code="a">Fiallo, Fabio</subfield>
    <subfield code="t">Ernesto de Anquises</subfield>
  </datafield>
  <datafield tag="700" ind1="1" ind2=" ">
    <subfield code="a">D&#xED;az, Vigil</subfield>
    <subfield code="t">C&#xE1;ndido Espuela</subfield>
  </datafield>
  <datafield tag="700" ind1="1" ind2=" ">
    <subfield code="a">Hern&#xE1;ndez Franco, Tom&#xE1;s</subfield>
    <subfield code="t">Mingo</subfield>
  </datafield>
  <datafield tag="700" ind1="1" ind2=" ">
    <subfield code="a">Sanz Lajara, J. M.</subfield>
    <subfield code="t">Zumbador</subfield>
  </datafield>
  <datafield tag="700" ind1="1" ind2=" ">
    <subfield code="a">Carvajal, Federico Henr&#xED;quez i,</subfield>
    <subfield code="d"> 1848-1952</subfield>
  </datafield>
  <datafield tag="910" ind1=" " ind2=" ">
    <subfield code="a">VMateo V. Control de calidad. BPMSU</subfield>
  </datafield>
  <datafield tag="942" ind1=" " ind2=" ">
    <subfield code="2">ddc</subfield>
    <subfield code="c">BK</subfield>
  </datafield>
  <datafield tag="952" ind1=" " ind2=" ">
    <subfield code="0">0</subfield>
    <subfield code="1">0</subfield>
    <subfield code="2">ddc</subfield>
    <subfield code="4">0</subfield>
    <subfield code="7">0</subfield>
    <subfield code="8">CJ-D</subfield>
    <subfield code="a">BPMET</subfield>
    <subfield code="b">BPMET</subfield>
    <subfield code="d">2015-01-28</subfield>
    <subfield code="e">Alfaguara</subfield>
    <subfield code="l">0</subfield>
    <subfield code="o">BPMSU CJD RD863.08 C571p 2010</subfield>
    <subfield code="p">BPMSU15040840</subfield>
    <subfield code="r">2015-01-28</subfield>
    <subfield code="t"> </subfield>
    <subfield code="w">2015-01-28</subfield>
    <subfield code="y">BK</subfield>
  </datafield>
  <datafield tag="952" ind1=" " ind2=" ">
    <subfield code="0">0</subfield>
    <subfield code="1">0</subfield>
    <subfield code="2">ddc</subfield>
    <subfield code="4">0</subfield>
    <subfield code="7">0</subfield>
    <subfield code="8">CJ-D</subfield>
    <subfield code="a">BPMET</subfield>
    <subfield code="b">BPMET</subfield>
    <subfield code="d">2015-01-28</subfield>
    <subfield code="e">Alfaguara</subfield>
    <subfield code="l">0</subfield>
    <subfield code="o">BPMSU CJD RD863.08 C571p 2010</subfield>
    <subfield code="p">BPMSU15040841</subfield>
    <subfield code="r">2015-01-28</subfield>
    <subfield code="t">e.2</subfield>
    <subfield code="w">2015-01-28</subfield>
    <subfield code="y">BK</subfield>
  </datafield>
  <datafield tag="952" ind1=" " ind2=" ">
    <subfield code="0">0</subfield>
    <subfield code="1">0</subfield>
    <subfield code="2">ddc</subfield>
    <subfield code="4">0</subfield>
    <subfield code="7">0</subfield>
    <subfield code="8">CJ-D</subfield>
    <subfield code="a">BPMET</subfield>
    <subfield code="b">BPMET</subfield>
    <subfield code="d">2015-01-28</subfield>
    <subfield code="e">Alfaguara</subfield>
    <subfield code="l">0</subfield>
    <subfield code="p">BPMSU15040842</subfield>
    <subfield code="r">2015-01-28</subfield>
    <subfield code="t">e. 3</subfield>
    <subfield code="w">2015-01-28</subfield>
    <subfield code="y">BK</subfield>
  </datafield>
  <datafield tag="999" ind1=" " ind2=" ">
    <subfield code="c">7260</subfield>
    <subfield code="d">7260</subfield>
  </datafield>
</record>
